000 00663nam a22002057a 4500
999 _c4822
_d4822
003 AR-CdUCM
008 190311b ||||| |||| 00| 0 spa d
040 _aMUNICIPALIDAD PROVINCIAL DEL CUSCO
_cBIBLIOTECA MUNICIPAL DEL CUSCO
082 _a869.56 /
_bSO66
100 _aSologuren, Javier
_95554
245 _aVida continua /
260 _aLima :
_bInstituto Nacional de Cultura,
_c1971.
300 _aXXV, 193 páginas ;
_c17 cm.
500 _aDonación de la familia Nieto.
650 _aPoesía peruana - Siglo XX
_914083
650 _aPoetas peruanos
_91611
650 _aPoesía contemporánea - Perú
_914868
942 _2ddc
_cLIBROS
945 _alccs